[Event "4.Int Ch of Vojvodina"]
[Site "Novi Sad"]
[Date "2013.06.30"]
[Round "5.4"]
[White "Bodiroga, Predrag"]
[Black "Petkovic, Radosav"]
[Result "1/2-1/2"]
[WhiteElo "2369"]
[BlackElo "2273"]
[PlyCount "62"]
[EventDate "2013.06.28"]
[SourceDate "2013.06.30"]

1. d4 f5 2. g3 Nf6 3. Bg2 d6 4. Nf3 g6 5. O-O Bg7 6. b4 O-O 7. Bb2 Nc6 8. b5
Na5 9. Nbd2 a6 10. bxa6 Rxa6 11. c4 e6 12. Qc2 Bd7 13. Rfc1 Qe7 14. Bc3 Bc6 15.
Bb4 Ne4 16. e3 Rfa8 17. Bf1 R6a7 18. Ne5 Nxd2 19. Bxa5 dxe5 20. Bxd2 exd4 21.
exd4 Bxd4 22. Bc3 Bxc3 23. Qxc3 Rxa2 24. Rxa2 Rxa2 25. c5 Bd5 26. Bg2 Bxg2 27.
Kxg2 Qd7 28. Qf6 Ra8 29. Kg1 Re8 30. Qe5 Qg7 31. Qe3 Qd7 1/2-1/2

[Event "4.Int Ch of Vojvodina"]
[Site "Novi Sad"]
[Date "2013.06.30"]
[Round "5.6"]
[White "Doric, Nenad"]
[Black "Andrijevic, Milan"]
[Result "1/2-1/2"]
[WhiteElo "2283"]
[BlackElo "2322"]
[PlyCount "27"]
[EventDate "2013.06.28"]
[SourceDate "2013.06.30"]

1. d4 d5 2. c4 e6 3. Nc3 Nf6 4. Bg5 Be7 5. e3 O-O 6. Nf3 Ne4 7. Bxe7 Qxe7 8.
Rc1 c6 9. Bd3 Nxc3 10. Rxc3 dxc4 11. Bxc4 Nd7 12. O-O e5 13. dxe5 Nxe5 14. Nxe5
1/2-1/2

[Event "4.Int Ch of Vojvodina"]
[Site "Novi Sad"]
[Date "2013.06.30"]
[Round "5.7"]
[White "Rogac, Srdjan"]
[Black "Sokic, Dragomir"]
[Result "1-0"]
[WhiteElo "2322"]
[BlackElo "2178"]
[PlyCount "91"]
[EventDate "2013.06.28"]
[SourceDate "2013.06.30"]

1. e4 e5 2. Nf3 Nc6 3. Bc4 Bc5 4. d3 Nf6 5. Nc3 d6 6. Be3 Bb6 7. h3 Be6 8. Bxe6
fxe6 9. Bxb6 axb6 10. d4 exd4 11. Nxd4 Nxd4 12. Qxd4 e5 13. Qc4 Qd7 14. O-O-O
Qf7 15. Qxf7+ Kxf7 16. a4 Rhf8 17. b3 Ke6 18. Nb5 Rac8 19. f3 Nh5 20. Rd2 Ke7
21. Kb2 Nf4 22. Na3 Rf6 23. Nc4 Rff8 24. Ne3 g6 25. h4 Ne6 26. Nd5+ Kd7 27. h5
Nf4 28. hxg6 hxg6 29. Rh7+ Kd8 30. Ne7 Ra8 31. g3 Re8 32. gxf4 Rxe7 33. Rdh2
Rc8 34. fxe5 Kd7 35. Rxe7+ Kxe7 36. exd6+ Kxd6 37. Rh6 Rg8 38. f4 Kc5 39. Kc3
b5 40. b4+ Kd6 41. axb5 Kd7 42. Kd4 g5 43. Rh7+ Kc8 44. f5 g4 45. f6 g3 46. Rg7
1-0

[Event "4.Int Ch of Vojvodina"]
[Site "Novi Sad"]
[Date "2013.06.30"]
[Round "5.8"]
[White "Radlovacki, Jovan"]
[Black "Stikovic, Dobrica"]
[Result "1/2-1/2"]
[WhiteElo "2434"]
[BlackElo "2228"]
[PlyCount "110"]
[EventDate "2013.06.28"]
[SourceDate "2013.06.30"]

1. e4 e6 2. d3 d5 3. Nd2 Nf6 4. Ngf3 c5 5. g3 Nc6 6. Bg2 Be7 7. O-O O-O 8. Re1
Qc7 9. c3 Re8 10. e5 Nd7 11. Qe2 b5 12. Nf1 a5 13. Bf4 Ba6 14. Ne3 Nf8 15. g4
Rab8 16. Bg3 b4 17. Nd1 a4 18. a3 bxa3 19. Rxa3 c4 20. Rxa4 cxd3 21. Qe3 Bb5
22. Ra1 Nd7 23. Bf1 Nc5 24. Nd2 d4 25. Qf4 dxc3 26. bxc3 Ra8 27. Rxa8 Rxa8 28.
c4 Ba4 29. Nc3 Nb4 30. Nxa4 Rxa4 31. Rb1 h6 32. h4 Qd8 33. Nf3 Nc6 34. Rd1 Na5
35. Nd2 Bxh4 36. Bxh4 Qxh4 37. Bg2 h5 38. Qe3 Qe7 39. Rb1 Qc7 40. Rb5 Nxc4 41.
Rxc5 Nxe3 42. Rxc7 Nxg4 43. Nf3 Ra1+ 44. Bf1 Nxe5 45. Nxe5 d2 46. Rc8+ Kh7 47.
Rd8 d1=Q 48. Rxd1 Rxd1 49. Nxf7 Kg6 50. Ne5+ Kf5 51. Nc4 Kf4 52. Ne3 Ra1 53.
Kg2 g5 54. Bc4 Ra3 55. Bxe6 Rxe3 1/2-1/2

[Event "4.Int Ch of Vojvodina"]
[Site "Novi Sad"]
[Date "2013.06.30"]
[Round "5.9"]
[White "Saric, Sinisa"]
[Black "Cengija, Vanja"]
[Result "1/2-1/2"]
[WhiteElo "2412"]
[BlackElo "2226"]
[PlyCount "77"]
[EventDate "2013.06.28"]
[SourceDate "2013.06.30"]

1. d4 d5 2. c4 dxc4 3. e3 Nf6 4. Bxc4 e6 5. Nf3 a6 6. O-O b5 7. Bd3 Bb7 8. a4
b4 9. Nbd2 c5 10. e4 cxd4 11. e5 Nfd7 12. Nc4 Nc5 13. Bg5 Qc7 14. Nxd4 Nc6 15.
Nf3 h6 16. Bh4 Nxd3 17. Qxd3 Bc5 18. Nd6+ Bxd6 19. exd6 Qd7 20. Rac1 O-O 21.
Bg3 Rfd8 22. Nd2 Ne7 23. Nb3 Nf5 24. Nc5 Qc6 25. Nxb7 Qxb7 26. Rfd1 Nxg3 27.
Qxg3 Rac8 28. Rxc8 Qxc8 29. Qd3 Qc6 30. b3 Kf8 31. h4 a5 32. Qd4 Rd7 33. Rd3 f6
34. f4 Kf7 35. Kh2 Rd8 36. Qa7+ Rd7 37. Qd4 Rd8 38. Qa7+ Rd7 39. Qd4 1/2-1/2

[Event "4.Int Ch of Vojvodina"]
[Site "Novi Sad"]
[Date "2013.06.30"]
[Round "5.12"]
[White "Elez, Nikola"]
[Black "Ostovic, Matija"]
[Result "1/2-1/2"]
[WhiteElo "2218"]
[BlackElo "2316"]
[PlyCount "82"]
[EventDate "2013.06.28"]
[SourceDate "2013.06.30"]

1. e4 d6 2. d4 Nf6 3. Nd2 e5 4. c3 Be7 5. Ngf3 Nbd7 6. g3 O-O 7. Bg2 Re8 8. O-O
c6 9. Re1 Qc7 10. Qc2 b5 11. b3 Bb7 12. Bb2 Bf8 13. c4 Rac8 14. Rac1 bxc4 15.
Nxc4 exd4 16. Nxd4 d5 17. Nd2 c5 18. Nb5 Qb6 19. Nc3 d4 20. Na4 Qe6 21. f3 Ne5
22. Nc4 Nfd7 23. f4 Nxc4 24. Qxc4 Qg6 25. Qc2 Red8 26. e5 Qxc2 27. Rxc2 Bxg2
28. Kxg2 Nb6 29. Nxb6 axb6 30. a4 b5 31. Rd1 Rb8 32. a5 d3 33. Rc3 c4 34. bxc4
bxc4 35. Ba3 Bxa3 36. Rxa3 Rb2+ 37. Kf3 Rxh2 38. Rc3 Ra2 39. Rxc4 Rxa5 40. Rc3
Rad5 41. Rd2 f6 1/2-1/2

[Event "4.Int Ch of Vojvodina"]
[Site "Novi Sad"]
[Date "2013.06.30"]
[Round "5.13"]
[White "Kokeza, Mirko"]
[Black "Ilijc, Milan"]
[Result "1-0"]
[WhiteElo "2315"]
[BlackElo "2205"]
[PlyCount "109"]
[EventDate "2013.06.28"]
[SourceDate "2013.06.30"]

1. d4 c5 2. d5 f5 3. Nc3 g6 4. h4 Nf6 5. h5 gxh5 6. e4 fxe4 7. Nxe4 Qb6 8.
Nxf6+ Qxf6 9. Be2 d6 10. Bxh5+ Kd8 11. Ne2 Bg7 12. Nc3 Bf5 13. Be3 b5 14. a3 a6
15. Qd2 h6 16. g4 Bh7 17. O-O-O Nd7 18. g5 hxg5 19. Bxg5 Qf5 20. f4 b4 21. Na4
a5 22. Be2 bxa3 23. bxa3 Nf6 24. Bd3 Qxd5 25. Bxf6 Bxf6 26. Bxh7 Qa2 27. Qe3
Rb8 28. Kd2 Qc4 29. Nc3 d5 30. Ne2 d4 31. Qf3 Qe6 32. Be4 Rxh1 33. Rxh1 Kc7 34.
Rh5 Qb6 35. Qd3 e6 36. Qc4 Kd6 37. Nc1 Qb5 38. Bd3 Qc6 39. Nb3 Rc8 40. Nxc5
Qg2+ 41. Kc1 Qg1+ 42. Kb2 Rb8+ 43. Nb3 Kd7 44. Rh7+ Be7 45. Rxe7+ Kxe7 46. Qc7+
Kf8 47. Qxb8+ Kg7 48. Qe5+ Kf7 49. Nxd4 Qh1 50. Be4 Qf1 51. Qxe6+ Kf8 52. Qf6+
Kg8 53. Bd5+ Kh7 54. Qf7+ Kh6 55. Nf5# 1-0

[Event "4.Int Ch of Vojvodina"]
[Site "Novi Sad"]
[Date "2013.06.30"]
[Round "5.14"]
[White "Peovic, Milos"]
[Black "Markov, Ziva"]
[Result "1-0"]
[WhiteElo "2264"]
[BlackElo "2167"]
[PlyCount "29"]
[EventDate "2013.06.28"]
[SourceDate "2013.06.30"]

1. e4 e5 2. Nf3 Nc6 3. Bb5 f5 4. d3 fxe4 5. dxe4 Nf6 6. Qe2 d6 7. h3 Be6 8. c3
Qd7 9. Nbd2 a6 10. Ba4 h6 11. Nf1 Be7 12. Ng3 Nh7 13. Bb3 O-O-O 14. Bxe6 Qxe6
15. b4 1-0

[Event "4.Int Ch of Vojvodina"]
[Site "Novi Sad"]
[Date "2013.06.30"]
[Round "5.15"]
[White "Vucinic, Gojko"]
[Black "Banovic, Ivan"]
[Result "1/2-1/2"]
[WhiteElo "2252"]
[BlackElo "2180"]
[PlyCount "26"]
[EventDate "2013.06.28"]
[SourceDate "2013.06.30"]

1. e4 e5 2. Nf3 Nc6 3. d4 exd4 4. Nxd4 g6 5. c4 Bg7 6. Be3 Nf6 7. Nc3 O-O 8.
Be2 d6 9. O-O Bd7 10. Qd2 Nxd4 11. Bxd4 Bc6 12. f3 Nd7 13. Bxg7 Kxg7 1/2-1/2

[Event "4.Int Ch of Vojvodina"]
[Site "Novi Sad"]
[Date "2013.06.30"]
[Round "5.17"]
[White "Tomerlin, Sinisa"]
[Black "Karlicic, Bozidar"]
[Result "1-0"]
[WhiteElo "2240"]
[BlackElo "1970"]
[PlyCount "61"]
[EventDate "2013.06.28"]
[SourceDate "2013.06.30"]

1. Nf3 Nf6 2. g3 b6 3. Bg2 Bb7 4. d3 g6 5. e4 Bg7 6. O-O d6 7. Re1 O-O 8. Nbd2
Nbd7 9. Qe2 c5 10. Nf1 Qc7 11. N3d2 b5 12. Ne3 e6 13. f4 Rfe8 14. g4 Rab8 15.
Bf3 Nb6 16. g5 Nfd7 17. Ng4 c4 18. e5 dxe5 19. fxe5 cxd3 20. cxd3 Qc5+ 21. Kh1
Bxf3+ 22. Qxf3 Qd5 23. Ne4 Kh8 24. Bf4 Rbc8 25. Bg3 Rf8 26. h4 Rc2 27. Ne3 Qxd3
28. Rad1 Qxd1 29. Rxd1 Nxe5 30. Bxe5 Bxe5 31. Nxc2 1-0

[Event "4.Int Ch of Vojvodina"]
[Site "Novi Sad"]
[Date "2013.06.30"]
[Round "5.19"]
[White "Dronjic, Sinisa"]
[Black "Kovacevic, Sinisa"]
[Result "0-1"]
[WhiteElo "2190"]
[BlackElo "2229"]
[PlyCount "86"]
[EventDate "2013.06.28"]
[SourceDate "2013.06.30"]

1. d4 Nf6 2. c4 e6 3. Nf3 d5 4. Nc3 Be7 5. Bg5 O-O 6. e3 Nbd7 7. Qc2 a6 8. cxd5
exd5 9. Bd3 Re8 10. O-O h6 11. Bf4 c5 12. dxc5 Nxc5 13. Be2 Be6 14. Rac1 Rc8
15. Qb1 b5 16. b4 Nce4 17. Be5 Nxc3 18. Rxc3 Rxc3 19. Bxc3 Ne4 20. Bd4 Qd6 21.
Qb2 Qxb4 22. Bxg7 Rc8 23. Bd3 Nc3 24. Qxb4 Bxb4 25. Bxh6 Nxa2 26. Ng5 Nc1 27.
Bh7+ Kh8 28. Bb1 Be7 29. f4 Bxg5 30. Bxg5 f5 31. Rf3 Ne2+ 32. Kf2 Nc3 33. Bd3
Ne4+ 34. Bxe4 dxe4 35. Bf6+ Kg8 36. Rh3 Rc2+ 37. Kg1 b4 38. Rg3+ Kf8 39. Rg7
Bf7 40. h4 b3 41. h5 b2 42. Bxb2 Rxb2 43. h6 Rb6 0-1

[Event "4.Int Ch of Vojvodina"]
[Site "Novi Sad"]
[Date "2013.06.30"]
[Round "5.20"]
[White "Arsic, Djordje"]
[Black "Martinovic, Slobodan"]
[Result "0-1"]
[WhiteElo "2040"]
[BlackElo "2417"]
[PlyCount "88"]
[EventDate "2013.06.28"]
[SourceDate "2013.06.30"]

1. e4 c5 2. Nf3 d6 3. d4 cxd4 4. Nxd4 Nf6 5. Nc3 Nc6 6. f3 e5 7. Nb3 Be7 8. Be3
O-O 9. Qd2 a5 10. Bb5 Na7 11. Bd3 Bd7 12. Qf2 Nc8 13. a4 Bc6 14. Rd1 Nh5 15. h4
g6 16. g4 Nf4 17. Kd2 Nxd3 18. Kxd3 d5 19. exd5 Bxd5 20. Ke2 Bc4+ 21. Ke1 Qc7
22. Nd5 Bxd5 23. Rxd5 Bb4+ 24. Kf1 Qc4+ 25. Rd3 f5 26. gxf5 Rxf5 27. Kg2 Ne7
28. Rhd1 Nc6 29. Rd7 Be7 30. Rh1 Raf8 31. Rh3 Rxf3 32. Rxf3 Qg4+ 33. Qg3 Qxd7
34. Rxf8+ Bxf8 35. h5 Qf5 36. hxg6 Qxc2+ 37. Qf2 Qxg6+ 38. Qg3 Kf7 39. Qxg6+
Kxg6 40. Nd2 Kf5 41. Kf3 e4+ 42. Kf2 Ne5 43. Ke2 Bb4 44. Nb3 Nc6 0-1

[Event "4.Int Ch of Vojvodina"]
[Site "Novi Sad"]
[Date "2013.07.01"]
[Round "6.1"]
[White "Leskur, Dejan"]
[Black "Drazic, Sinisa"]
[Result "1-0"]
[WhiteElo "2391"]
[BlackElo "2463"]
[PlyCount "85"]
[EventDate "2013.06.28"]
[SourceDate "2013.06.30"]

1. e4 e6 2. d4 d5 3. Nc3 dxe4 4. Nxe4 Nd7 5. Nf3 Ngf6 6. Nxf6+ Nxf6 7. g3 b6 8.
Bg2 Bb7 9. O-O Be7 10. c4 c5 11. Bf4 O-O 12. dxc5 Bxc5 13. Ne5 Qc8 14. Qe2 Bxg2
15. Kxg2 Qb7+ 16. f3 Rfd8 17. Rad1 h6 18. Rxd8+ Rxd8 19. Rd1 Rxd1 20. Qxd1 g5
21. Qd8+ Kg7 22. Bd2 Be7 23. Qd4 a5 24. Bc3 Bb4 25. Bxb4 axb4 26. Ng4 Qe7 27.
Qxb6 Nxg4 28. fxg4 f5 29. c5 Qd7 30. Qd6 Qa4 31. Qe7+ Kh8 32. Qf6+ Kh7 33. Qf7+
Kh8 34. Qxe6 fxg4 35. Qxh6+ Kg8 36. Qxg5+ Kf7 37. Qf5+ Ke7 38. Qxg4 Qc2+ 39.
Kh3 Qxb2 40. c6 Kf7 41. Qf5+ Ke8 42. Qd7+ Kf8 43. c7 1-0

[Event "4.Int Ch of Vojvodina"]
[Site "Novi Sad"]
[Date "2013.07.01"]
[Round "6.2"]
[White "Nestorovic, Dejan"]
[Black "Rogac, Srdjan"]
[Result "1/2-1/2"]
[WhiteElo "2428"]
[BlackElo "2322"]
[PlyCount "92"]
[EventDate "2013.06.28"]
[SourceDate "2013.06.30"]

1. d4 Nf6 2. c4 e6 3. Nc3 Bb4 4. Qc2 c5 5. dxc5 Na6 6. a3 Qa5 7. Bd2 Nxc5 8.
Rc1 Bxc3 9. Bxc3 Qa4 10. b4 Qxc2 11. Rxc2 Na4 12. Bd4 d6 13. f3 Bd7 14. e4 e5
15. Be3 Ke7 16. Bd3 Rhc8 17. Ne2 h6 18. Kf2 Rc7 19. g4 Rac8 20. Rhc1 Be6 21.
Ng3 Nb6 22. c5 dxc5 23. Bxc5+ Ke8 24. Nf5 Bxf5 25. exf5 Nbd7 26. Be3 Rxc2+ 27.
Rxc2 Rxc2+ 28. Bxc2 a6 29. Bb3 Nb8 30. Bc5 Nc6 31. Ke3 e4 32. h3 exf3 33. Kxf3
Nd7 34. Be3 Ke7 35. Kf4 a5 36. Bd2 axb4 37. axb4 b6 38. Bc3 f6 39. Ke4 Kd6 40.
Be6 Nce5 41. Bd4 Kc6 42. Bc3 Kd6 43. Bd2 Kc6 44. Be1 Kd6 45. Bd5 Nd3 46. Bg3+
N7e5 1/2-1/2

[Event "4.Int Ch of Vojvodina"]
[Site "Novi Sad"]
[Date "2013.07.01"]
[Round "6.3"]
[White "Bodiroga, Predrag"]
[Black "Nestorovic, Nikola"]
[Result "0-1"]
[WhiteElo "2369"]
[BlackElo "2405"]
[PlyCount "62"]
[EventDate "2013.06.28"]
[SourceDate "2013.06.30"]

1. d4 Nf6 2. c4 e6 3. Nf3 b6 4. g3 Bb7 5. Bg2 g6 6. Nc3 Bg7 7. O-O Ne4 8. Bd2
Nxd2 9. Qxd2 d6 10. e4 O-O 11. Rad1 Nd7 12. Rfe1 Qe7 13. h4 h6 14. b3 Rad8 15.
Qc1 c5 16. d5 e5 17. h5 Nf6 18. hxg6 fxg6 19. Nh4 Qf7 20. Bh3 Nxd5 21. exd5
Qxf2+ 22. Kh1 Qxg3 23. Be6+ Kh7 24. Re3 Qxh4+ 25. Rh3 Qf4 26. Qc2 Rde8 27. Kg1
e4 28. Qg2 Bxc3 29. Rxc3 Bc8 30. Re1 Bxe6 31. Rxe4 Qf6 0-1

[Event "4.Int Ch of Vojvodina"]
[Site "Novi Sad"]
[Date "2013.07.01"]
[Round "6.4"]
[White "Kovacevic, Sinisa"]
[Black "Cabarkapa, Novak"]
[Result "0-1"]
[WhiteElo "2229"]
[BlackElo "2341"]
[PlyCount "61"]
[EventDate "2013.06.28"]
[SourceDate "2013.06.30"]

1. d4 Nf6 2. Nf3 g6 3. g3 Bg7 4. Bg2 O-O 5. O-O d5 6. c4 dxc4 7. Ne5 Nc6 8.
Nxc6 bxc6 9. Na3 Be6 10. Bxc6 Rb8 11. Bg2 Qd7 12. e4 Rfd8 13. d5 Bh3 14. Qc2
Bxg2 15. Kxg2 c6 16. Bf4 Rbc8 17. d6 exd6 18. Nxc4 d5 19. Nd2 Nh5 20. f3 Nxf4+
21. gxf4 dxe4 22. Nxe4 Qf5 23. Rad1 Qxf4 24. Rxd8+ Rxd8 25. Rf2 Be5 26. Ng3 h5
27. Qe4 Rd2 28. b3 Rxf2+ 29. Kxf2 Qxe4 30. Nxe4 Bxh2 31. Ke3 0-1

[Event "4.Int Ch of Vojvodina"]
[Site "Novi Sad"]
[Date "2013.07.01"]
[Round "6.5"]
[White "Andrijevic, Milan"]
[Black "Tomerlin, Sinisa"]
[Result "1-0"]
[WhiteElo "2322"]
[BlackElo "2240"]
[PlyCount "93"]
[EventDate "2013.06.28"]
[SourceDate "2013.06.30"]

1. e4 c5 2. Nf3 d6 3. d4 cxd4 4. Nxd4 Nf6 5. Nc3 a6 6. Be2 e5 7. Nb3 Be7 8. Be3
Be6 9. Nd5 Bxd5 10. exd5 Nbd7 11. Qd3 Rc8 12. c4 b6 13. O-O a5 14. Rab1 O-O 15.
Kh1 Re8 16. g4 h6 17. Nd2 Nc5 18. Bxc5 bxc5 19. Bd1 Bf8 20. Re1 g6 21. Qg3 Bg7
22. h4 e4 23. Bc2 e3 24. Rxe3 Rxe3 25. fxe3 h5 26. Bd1 Qe7 27. Qf4 hxg4 28.
Bxg4 Re8 29. Re1 Ne4 30. Bd7 Qxd7 31. Nxe4 Qh3+ 32. Kg1 Be5 33. Qxf7+ Kxf7 34.
Ng5+ Kg7 35. Nxh3 Bg3 36. Re2 Bxh4 37. b3 g5 38. Kg2 Kg6 39. e4 Rf8 40. Nf2
Bxf2 41. Rxf2 Rxf2+ 42. Kxf2 Kf6 43. Kf3 Ke5 44. Kg4 Kxe4 45. Kxg5 Kd4 46. Kf6
a4 47. Ke6 1-0

[Event "4.Int Ch of Vojvodina"]
[Site "Novi Sad"]
[Date "2013.07.01"]
[Round "6.10"]
[White "Licina, Zoran"]
[Black "Radlovacki, Jovan"]
[Result "1/2-1/2"]
[WhiteElo "2216"]
[BlackElo "2434"]
[PlyCount "65"]
[EventDate "2013.06.28"]
[SourceDate "2013.06.30"]

1. e4 c6 2. Nc3 d5 3. d4 dxe4 4. Nxe4 Nf6 5. Nxf6+ gxf6 6. c3 Qd5 7. c4 Qe4+ 8.
Be3 e5 9. Ne2 Bb4+ 10. Nc3 c5 11. Qd2 exd4 12. Nxe4 dxe3 13. Qxb4 exf2+ 14.
Kxf2 cxb4 15. Nxf6+ Kf8 16. Bd3 Kg7 17. Nd5 Nc6 18. Rhe1 Be6 19. Nc7 Rad8 20.
Nxe6+ fxe6 21. Rad1 Rhf8+ 22. Ke3 Ne5 23. Be2 Kf6 24. Rf1+ Ke7 25. Rxd8 Rxd8
26. Rf4 Rd7 27. Rd4 Rc7 28. b3 a5 29. Rh4 Kd6 30. g3 Rf7 31. Rh5 b6 32. a4 bxa3
33. Kd4 1/2-1/2

[Event "4.Int Ch of Vojvodina"]
[Site "Novi Sad"]
[Date "2013.07.01"]
[Round "6.11"]
[White "Martinovic, Slobodan"]
[Black "Elez, Nikola"]
[Result "1/2-1/2"]
[WhiteElo "2417"]
[BlackElo "2218"]
[PlyCount "57"]
[EventDate "2013.06.28"]
[SourceDate "2013.06.30"]

1. Nf3 d6 2. d4 Bg4 3. g3 Bxf3 4. exf3 g6 5. Bg2 Bg7 6. O-O e6 7. c3 Ne7 8. Qb3
Qc8 9. f4 c6 10. Nd2 O-O 11. a4 Rd8 12. Nc4 d5 13. Ne5 Nd7 14. Bh3 Qc7 15. Be3
Nf5 16. Bd2 Nd6 17. Rad1 Rac8 18. Rfe1 c5 19. Nxd7 c4 20. Qc2 Qxd7 21. f3 Re8
22. Be3 f5 23. Bf1 Bf6 24. Be2 a6 25. Ra1 b5 26. axb5 axb5 27. Ra6 Ra8 28. Rea1
Qb7 29. Rxa8 1/2-1/2

[Event "4.Int Ch of Vojvodina"]
[Site "Novi Sad"]
[Date "2013.07.01"]
[Round "6.12"]
[White "Popovic, Dobrivoj"]
[Black "Saric, Sinisa"]
[Result "0-1"]
[WhiteElo "2206"]
[BlackElo "2412"]
[PlyCount "112"]
[EventDate "2013.06.28"]
[SourceDate "2013.06.30"]

1. e4 d5 2. exd5 Qxd5 3. Nc3 Qa5 4. g3 Nf6 5. Bg2 g6 6. Nf3 Bg7 7. O-O O-O 8.
Re1 Nc6 9. Rb1 Qh5 10. d4 Bg4 11. Qd3 Rad8 12. Bf4 Rd7 13. Ne5 Nxe5 14. Bxe5
Bf5 15. Qe2 Ng4 16. h3 Nxe5 17. Qxh5 gxh5 18. dxe5 Bxc2 19. Rbc1 Bf5 20. f4 c6
21. Rcd1 Rfd8 22. Kf2 f6 23. Rxd7 Rxd7 24. exf6 Bxf6 25. Re2 Kf7 26. Bf3 Bg6
27. g4 Bd3 28. Rd2 hxg4 29. hxg4 Bf5 30. Re2 Be6 31. g5 Bxc3 32. bxc3 Bf5 33.
Bh5+ Kf8 34. Re5 e6 35. Ke2 Ke7 36. Bf3 Kd6 37. Be4 Rf7 38. Bf3 b6 39. Ke3 h6
40. gxh6 Rh7 41. a4 Rxh6 42. a5 b5 43. c4 bxc4 44. a6 Rh3 45. Ke2 Rh2+ 46. Ke3
c5 47. Be4 c3 48. Bxf5 exf5 49. Kd3 c2 50. Re1 Kd5 51. Kc3 Re2 52. Rh1 Re6 53.
Kxc2 Rxa6 54. Rd1+ Ke4 55. Rh1 Ra3 56. Kd2 Rd3+ 0-1

[Event "4.Int Ch of Vojvodina"]
[Site "Novi Sad"]
[Date "2013.07.01"]
[Round "6.13"]
[White "Dostan, Janos"]
[Black "Tosic, Miroslav"]
[Result "1-0"]
[WhiteElo "2188"]
[BlackElo "2411"]
[PlyCount "160"]
[EventDate "2013.06.28"]
[SourceDate "2013.06.30"]

1. d4 Nf6 2. Nf3 d6 3. Nc3 Nbd7 4. e4 e5 5. Be2 Be7 6. O-O O-O 7. Re1 c6 8. a4
Qc7 9. Bg5 Re8 10. Bf1 Nf8 11. h3 Ng6 12. Qd2 h6 13. Be3 Bf8 14. Rad1 a6 15.
Ra1 b6 16. d5 Bd7 17. Bc4 c5 18. Qe2 Qb7 19. Nd2 Nf4 20. Qf1 g5 21. Reb1 Reb8
22. b4 Qc8 23. bxc5 dxc5 24. Rb3 Bd6 25. Rab1 Bc7 26. d6 Bd8 27. Bxf4 gxf4 28.
Nf3 b5 29. axb5 axb5 30. Bxb5 Rxb5 31. Rxb5 Ba5 32. Rxa5 Rxa5 33. Nxe5 Be6 34.
Nc4 Ra7 35. e5 Nh7 36. Nb6 Qd8 37. Nbd5 Qg5 38. Ne7+ Kg7 39. Qd3 Qxe5 40. Rd1
Rd7 41. Nc6 Qh5 42. Qf3 Qf5 43. Ne4 f6 44. g4 Ng5 45. gxf5 Nxf3+ 46. Kf1 Bc4+
47. Kg2 Nh4+ 48. Kh2 Nxf5 49. Nb8 Rd8 50. Nc6 Rd7 51. Nb8 Rd8 52. d7 Nd4 53.
Nxc5 Nf3+ 54. Kh1 Ne5 55. Nb7 Rxb8 56. d8=Q Rxd8 57. Rxd8 Kg6 58. Rd4 Bb5 59.
Na5 Bf1 60. Rxf4 Bxh3 61. c4 Kg5 62. Re4 Bg4 63. Re3 Bf3+ 64. Kg1 Kf5 65. c5
Bd5 66. Rc3 Nf3+ 67. Kf1 Nd2+ 68. Ke2 Ne4 69. Rc1 Ke5 70. Ke3 f5 71. f4+ Ke6
72. Rh1 Nxc5 73. Rxh6+ Kf7 74. Kd4 Nb3+ 75. Kxd5 Nxa5 76. Ke5 Nc4+ 77. Kxf5
Ne3+ 78. Kg5 Nd5 79. f5 Ne3 80. Rh7+ Kf8 1-0

[Event "4.Int Ch of Vojvodina"]
[Site "Novi Sad"]
[Date "2013.07.01"]
[Round "6.14"]
[White "Kiroski, Toni"]
[Black "Ujhazi, Ivan"]
[Result "1/2-1/2"]
[WhiteElo "2341"]
[BlackElo "2214"]
[PlyCount "82"]
[EventDate "2013.06.28"]
[SourceDate "2013.06.30"]

1. e4 c5 2. Nf3 Nc6 3. d4 cxd4 4. Nxd4 g6 5. c4 Nf6 6. Nc3 Nxd4 7. Qxd4 d6 8.
Be2 Bg7 9. Bg5 O-O 10. Qd2 Qa5 11. f3 Be6 12. Rc1 Rfe8 13. b3 Rac8 14. Nd5
Qxd2+ 15. Kxd2 Bxd5 16. cxd5 a6 17. Rc4 Rxc4 18. bxc4 Nd7 19. Rb1 Nc5 20. Be3
Rb8 21. Bxc5 dxc5 22. f4 Bd4 23. Rb6 Kf8 24. e5 f6 25. exf6 Bxf6 26. Bg4 Ke8
27. Kd3 Kd8 28. d6 Ke8 29. dxe7 Kxe7 30. Bf3 Bd4 31. Bxb7 Kd8 32. Rb3 a5 33.
Rb5 Kc7 34. Ba6 Rxb5 35. cxb5 Kd6 36. Ke4 Bf6 37. g4 h6 38. b6 g5 39. b7 Kc7
40. fxg5 Bxg5 41. Kf5 Be7 1/2-1/2

[Event "4.Int Ch of Vojvodina"]
[Site "Novi Sad"]
[Date "2013.07.01"]
[Round "6.15"]
[White "Ostovic, Matija"]
[Black "Paci, Daniele"]
[Result "1/2-1/2"]
[WhiteElo "2316"]
[BlackElo "2206"]
[PlyCount "70"]
[EventDate "2013.06.28"]
[SourceDate "2013.06.30"]

1. e4 d5 2. exd5 Qxd5 3. Nc3 Qa5 4. Nf3 Nf6 5. Bc4 Bf5 6. O-O c6 7. d4 e6 8.
Re1 Bb4 9. Re5 Qc7 10. Nh4 Bg6 11. h3 Nbd7 12. Nxg6 hxg6 13. Re1 Nb6 14. Bb3
O-O-O 15. a3 Bxc3 16. bxc3 Rh5 17. Qf3 Rf5 18. Qg3 Qxg3 19. fxg3 Rh5 20. a4
Nbd5 21. g4 Rhh8 22. c4 Nb4 23. Ba3 Na6 24. Rf1 Rd7 25. Rf3 Ne4 26. Rd1 Rhd8
27. c3 Kc7 28. Re1 Nd2 29. Bd1 Nxf3+ 30. Bxf3 Kc8 31. g5 Rh8 32. d5 c5 33. dxe6
Re7 34. Rd1 fxe6 35. Be4 Rh4 1/2-1/2

[Event "4.Int Ch of Vojvodina"]
[Site "Novi Sad"]
[Date "2013.07.01"]
[Round "6.16"]
[White "Blazeka, Matej"]
[Black "Pecelj, Nedeljko"]
[Result "1/2-1/2"]
[WhiteElo "2300"]
[BlackElo "2190"]
[PlyCount "40"]
[EventDate "2013.06.28"]
[SourceDate "2013.06.30"]

1. e4 e6 2. d4 d5 3. Nd2 dxe4 4. Nxe4 Bd7 5. Nf3 Bc6 6. Bd3 Nd7 7. O-O Ngf6 8.
Ng3 Be7 9. b3 O-O 10. Bb2 Bxf3 11. Qxf3 c6 12. c4 Qa5 13. a3 Rfd8 14. Rfe1 Bf8
15. b4 Qc7 16. Rac1 Qb8 17. Ne4 Be7 18. Qh3 Ne8 19. Ng5 h6 20. Nf3 a5 1/2-1/2

[Event "4.Int Ch of Vojvodina"]
[Site "Novi Sad"]
[Date "2013.07.01"]
[Round "6.17"]
[White "Mastrapovic, Vladimir"]
[Black "Banovic, Ivan"]
[Result "1/2-1/2"]
[WhiteElo "2298"]
[BlackElo "2180"]
[PlyCount "38"]
[EventDate "2013.06.28"]
[SourceDate "2013.06.30"]

1. e4 c5 2. Nf3 d6 3. d4 cxd4 4. Nxd4 Nf6 5. Nc3 g6 6. Bb5+ Bd7 7. Bg5 Bg7 8.
Qe2 O-O 9. h4 h6 10. Bxd7 Qxd7 11. Be3 Ng4 12. h5 Nxe3 13. Qxe3 Nc6 14. Nce2
Nxd4 15. Nxd4 Qa4 16. c3 Bxd4 17. cxd4 Qb4+ 18. Qc3 Qxc3+ 19. bxc3 Kg7 1/2-1/2

[Event "4.Int Ch of Vojvodina"]
[Site "Novi Sad"]
[Date "2013.07.01"]
[Round "6.19"]
[White "Kanjuh, Vladimir"]
[Black "Vucinic, Gojko"]
[Result "0-1"]
[WhiteElo "2123"]
[BlackElo "2252"]
[PlyCount "94"]
[EventDate "2013.06.28"]
[SourceDate "2013.06.30"]

1. d4 Nf6 2. Nf3 g6 3. g3 Bg7 4. Bg2 O-O 5. O-O d5 6. c4 dxc4 7. Ne5 Ne8 8. Be3
Nd6 9. Na3 Be6 10. Qc2 Nd7 11. Naxc4 Nxc4 12. Nxc4 c6 13. Rfd1 Bd5 14. f3 Bxc4
15. Qxc4 Nb6 16. Qb3 Qd7 17. Bf2 Rfd8 18. a4 Qd5 19. Qc2 Qc4 20. Qxc4 Nxc4 21.
b3 Nd6 22. Ra2 Ne8 23. Rad2 Nc7 24. Kf1 Rd7 25. e3 Rad8 26. Ke2 Nd5 27. Rd3 c5
28. Be1 cxd4 29. exd4 Rc8 30. f4 Rc2+ 31. R1d2 Nc3+ 32. Ke3 Rc1 33. Bf2 f5 34.
d5 Rb1 35. d6 Rxb3 36. Be1 Rxd6 37. Rxd6 exd6 38. Rd3 Nd1+ 39. Kd2 Rxd3+ 40.
Kxd3 Nb2+ 41. Kc2 Nc4 42. Bxb7 Kf8 43. Bd5 Bd4 44. Kd3 Bc5 45. h4 h5 46. Be6
Ke7 47. Bg8 Nb6 0-1

[Event "4.Int Ch of Vojvodina"]
[Site "Novi Sad"]
[Date "2013.07.01"]
[Round "6.20"]
[White "Dedijer, Zarko"]
[Black "Kler, Borko"]
[Result "0-1"]
[WhiteElo "2000"]
[BlackElo "2242"]
[PlyCount "58"]
[EventDate "2013.06.28"]
[SourceDate "2013.06.30"]

1. d4 Nf6 2. Nf3 g6 3. Bf4 Bg7 4. e3 c5 5. c3 b6 6. Nbd2 Bb7 7. Be2 d6 8. h3
O-O 9. O-O Nc6 10. a4 Nd5 11. Bg5 h6 12. Bh4 cxd4 13. Nxd4 Nxd4 14. exd4 Qc7
15. Bg3 e5 16. dxe5 dxe5 17. Re1 Rad8 18. Bf3 f5 19. Qb3 Kh7 20. Nc4 Rfe8 21.
Rad1 f4 22. Bh2 e4 23. Rxe4 Nxc3 24. Rxe8 Rxd1+ 25. Bxd1 Qc6 26. Bf3 Qxe8 27.
Bxf4 Bxf3 28. Be3 Bd5 29. bxc3 Qe4 0-1